000 00397nam a2200169Ia 4500
999 _c7813
_d7813
020 _a9780808924203
082 _a618.92
_bBEH
_219
100 _aBehrman, Richard E.
245 0 _aNelson Textbook of Pediatrics
_cBehrman, Richard E.
250 _a19th
260 _aPhiladelphia
_bSaunders
_c2011
300 _a2466
440 _v2
490 _v2
650 _aPediatrics.
942 _cBK
_2ddc
_e19